000 00827cab a2200253 4500
001 WB2807-09
008 090401t1992 xxu||||| |||| 00| 0 eng d
035 _a(Sirsi) u33142
041 _aeng
245 _aReichmann fights Canary gloom
260 _c1992
350 _a0
490 _aSunday Times
_v9 February 1992, 7(2)
520 _aDiscusses the amount of vacant office space available in Canary Wharf and the effect the recession is having on the fortunes of Olympia & York. Diagram shows the percentage of office space let at Canary Wharf.
650 _aCANARY WHARF
650 _aOFFICE SPACE
650 _aOLYMPIA & YORK
650 _aRECESSION
650 _aSLUMP
650 _aVACANT SPACE
690 _aPROPERTY-COMMERCIAL PROPERTY-COMMERCIAL PROPERTY MARKET
942 _n0
948 _c04/03/1997
999 _c22155
_d22155